Statistics for 2020: The Ultimate Test

Click here to take the quiz!

General Stats

  • This quiz has been taken 28 times
  • The average score is 5 of 8

Answer Stats

EventAnswer% Correct
This man runs for president and winsJoe Biden becomes President
96%
This deadly virus sweeps across the worldCoronavirus Pandemic
92%
Man was killed by a cop who kneeled on his neckDeath of George Floyd
92%
A helicopter crash kills this basketball player and his daughterDeath of Kobe Bryant
92%
Fires in this country get worse than everAustralian Wildfires
88%
This woman drowns after going out on a boat with her childDrowning of Naya Rivera
24%
Shooting at a store in Texas kills many.El Paso Wal-Mart Shooting
24%
This is withheld until 2021Olympics
20%

Score Distribution

Percentile by Number Answered

Percent of People with Each Score

Your Score History

You have not taken this quiz